| 000 | 00514nam a2200181Ia 4500 | ||
|---|---|---|---|
| 003 | GCL | ||
| 008 | 140319s9999 xx 000 0 eng d | ||
| 040 |
_aGCL / _cGCL |
||
| 082 | 0 | 4 |
_a005.26 _bS P |
| 100 | 1 | _aSHEBANOW, ANDREW | |
| 245 | 1 | 0 |
_aTHE POWER OF FRAME WORKS : FOR WINDOWS AND OS\2 DEVELOPERS / _cSHEBANOW, ANDREW |
| 260 |
_a[S.N] : _bADDISON - WESLEY PUBLISHING COMPANY ، _c1995 |
||
| 300 | _a336 | ||
| 650 | 0 | 4 | _aCOMPUTER SOFTWARE |
| 650 | 0 | 4 | _aOS\2 |
| 650 | 0 | 4 | _aOBJECT - ORIENTED |
| 942 |
_2ddc _cBK |
||
| 999 |
_c25475 _d25475 |
||